| 000 | 01154nam a2200277Ia 4500 | ||
|---|---|---|---|
| 003 | OSt | ||
| 005 | 20200901102152.0 | ||
| 008 | 191128s1992 mx ad gr 000 0 spa d | ||
| 020 | _a9681322657 | ||
| 040 |
_aCO-JMCR _cCO-JMCR |
||
| 041 | 0 | _aspa | |
| 082 | 0 | 4 |
_a371.207 / _bC397e _223 |
| 100 | 1 |
_aTrejo, Gillermo, _eautor _99542 |
|
| 245 | 1 | 0 |
_aEducación para una economía competitiva : _bhacia una estrategia de reforma / _cGillermo Trejo |
| 250 | _aPrimera edición | ||
| 260 |
_aMéxico : _bDiana, _c1992. |
||
| 300 |
_a211 páginas : _bgráficos a blanco y negro ; _c24 cm. |
||
| 490 | 0 | _aAlternativas para el futuro | |
| 504 | _aBibliografía : páginas 206-211. | ||
| 505 | 0 | _aEl papel de la educación en el desarrollo -- Diagnóstico de la educación básica en México -- La política educativa en México -- La organización política del magisterio -- Los retos en materia de capacitación | |
| 650 | 2 | 4 |
_aEducación básica _99543 |
| 650 | 2 | 4 |
_aCompetencia económica _94890 |
| 650 | 2 | 4 |
_a Estrategia del desarrollo _xPlanificación educativa _99544 |
| 650 | 2 | 4 |
_aReforma educativa _xPolítica educativa _99545 |
| 942 |
_2ddc _cBK |
||
| 999 |
_c6084 _d6084 |
||